| 000 | 01623nam a22004097a 4500 | ||
|---|---|---|---|
| 003 | CHAP | ||
| 005 | 20220329143405.0 | ||
| 008 | 090216s2008 mx a r 00010 spa d | ||
| 010 | _a95882 | ||
| 011 | _a96854 | ||
| 035 | _a107511 | ||
| 040 | _cCHAP | ||
| 090 | _aTesis | ||
| 100 | 1 |
_aAguilar Martínez, María del Carmen. _92759 |
|
| 245 | 1 | 0 |
_aEstrategias de innovación tecnológica para el manejo integral del recurso suelo y del cultivo de maíz en el Estado de Guerrero _c/por María del Carmen Aguilar Martínez |
| 260 |
_aChapingo, Méx. : _bEl autor, _c2008 |
||
| 300 |
_aiv, 93 h. : _bcuadros, gráfs. |
||
| 502 | _aTesis (Ing. en Recursos Naturales Renovables) -- UACH. Departamento de Suelos | ||
| 590 |
_aALEPH _b10 _c20130110 _lUCH01 _h1527 |
||
| 590 |
_aBATCH-UPD _b10 _c20130110 _lUCH01 _h0338 |
||
| 590 |
_aBATCH-UPD _b10 _c20130110 _lUCH01 _h1707 |
||
| 590 |
_aBATCH-UPD _b10 _c20130410 _lUCH01 _h0011 |
||
| 590 |
_aBATCH-UPD _b10 _c20130913 _lUCH01 _h2311 |
||
| 590 |
_aBATCH-UPD _b10 _c20130914 _lUCH01 _h1756 |
||
| 590 |
_aCONVERSION _b10 _c20130109 _lUCH01 _h1353 |
||
| 650 | 1 | 4 |
_aAgricultura _xInnovaciones tecnológicas. _91565 |
| 650 | 1 | 4 |
_aFertilizantes _xEfecto en maíz. _940527 |
| 650 | 1 | 4 |
_aFertilizantes _xEfecto en suelos. _940553 |
| 650 | 1 | 4 |
_aMaíz _zGuerrero. _971092 |
| 650 | 1 | 4 |
_aSuelos _xAcidez. _9110192 |
| 650 | 1 | 4 |
_aSuelos _xManejo. _9110423 |
| 650 | 1 | 4 |
_aSuelos _xMateria orgánica. _9110429 |
| 901 | _aBK | ||
| 942 | _cFOLL | ||
| 949 |
_aTesis _bBC _cTES _d33724002084298 _eTS1 _gDonaciØn _h48933 _i107511 _sb |
||
| 949 |
_aTesis _bBC _cTES _d33724002084330 _eTS2 _fc.2 _gDonaciØn _h48934 _i107511 _si |
||
| 999 |
_c95882 _d95882 |
||